|
|
|
|
| LEADER |
00000nab a2200000 a 4500 |
| 001 |
vtls000923537 |
| 003 |
SK-MaSNL |
| 005 |
20260304175033.0 |
| 008 |
040720e19980530xo 0 slo |
| 035 |
|
|
|a KE32414
|
| 040 |
|
|
|a KEVKJB
|b slo
|c KEVKJB
|e AACR2
|
| 041 |
0 |
|
|a slo
|
| 044 |
|
|
|a xo
|c SK
|
| 080 |
|
|
|a 362.2/.3
|2 1981
|
| 100 |
1 |
|
|a Jesenský, Mikuláš
|4 aut
|9 266855
|
| 245 |
1 |
0 |
|a Vo Vajkovciach včera otvorili Dom Bétel
|
| 610 |
2 |
7 |
|a Dom Bétel-centrum sociálnej starostlivosti pre mentálne postihnutých občanov, Vajkovce
|2 KEVKJB
|9 1506990
|
| 650 |
0 |
7 |
|a sociálna starostlivosť
|2 KEVKJB
|9 3737
|
| 650 |
0 |
7 |
|a občania s mentálnym postihnutím
|2 KEVKJB
|9 1506991
|
| 650 |
0 |
7 |
|a otvorenie
|2 KEVKJB
|9 765696
|
| 651 |
|
7 |
|a Vajkovce (Slovensko)
|2 KEVKJB
|9 31206
|
| 651 |
|
7 |
|a KS,
|2 KEVKJB
|9 880381
|
| 655 |
|
7 |
|a periodikum
|2 snkbucl
|9 29553
|
| 710 |
2 |
|
|a Dom Bétel (Vajkovce, Slovensko)
|4 aut
|9 114253
|
| 773 |
0 |
8 |
|t Sme
|g Roč. 6, č.123, 30.5.1998
|
| 773 |
0 |
8 |
|i Príl.:
|t Sme na východe.- Roč. 3, č. 80 (1998), s. 1
|
| 852 |
|
|
|a ZVYKNI
|b KIS3GCP
|
| 999 |
|
|
|c 3011749
|d 3013679
|